00489 2200193 4500001002100000005001500021035002000036008004100056245006000097100001300157250000600170260004700176300001200223084001400235082000800249650001400257990001200271990001200283INLIS00000000000026720240503072935 a0010-0424000243240503 0 ind 1 aStrategi Jitu Mejuarai OSN Komputer Jilid 3 /cTIM LOPI aTIM LOPI a1 aJakarta :bPT. Bina Prestasi Insani,c2017 a314 hlm a600 TIM s a600 4aNon Fiksi a0732362 a0732363